Poesías

Պահպանված է:
Մատենագիտական մանրամասներ
Հիմնական հեղինակ: Bello, Andrés (Հեղինակ)
Ձևաչափ: Գիրք
Լեզու:իսպաներեն
Հրապարակվել է: Barcelona Manucci 1909
Խորագրեր:
Ցուցիչներ: Ավելացրեք ցուցիչ
Չկան պիտակներ, Եղեք առաջինը, ով նշում է այս գրառումը!

MARC

LEADER 00000nam a2200000 a 4500
001 UCQ6933
003 CL-VaPUC
008 981023e19090000SP |||||||||||||||||spa|d
082 0 4 |a Ve861  |b BEL  |2 21 
100 0 |a Bello, Andrés  |e author  |9 420849 
245 1 0 |a Poesías 
300 |a 307 p 
942 |c BK 
945 |d 19981023 00:00:00  |a crobeson 
260 |a Barcelona  |b Manucci  |c 1909 
650 0 |a Poesías venezolanas   |9 267766 
650 0 |a Literatura venezolana   |9 348916 
583 |a last modification  |c 19981023 00:00:00  |k Rodrigo Vera 
999 |c 276828  |d 276826 
952 |0 0  |1 0  |4 0  |6 VE_861_000000000000000_BEL_1909  |7 0  |8 A  |9 314315  |a BIBEDU  |b BIBEDU  |d 2019-11-20  |i 1486489  |o Ve861 BEL 1909  |p 1486489  |r 2019-11-20  |w 2019-11-20  |y BK  |k LIT